Beyond the foothills (Record no. 33193)

MARC details
000 -LEADER
fixed length control field 00268nam a2200109Ia 4500
082 ## - DEWEY DECIMAL CLASSIFICATION NUMBER
Classification number 82-3MB
Item number SUM
100 ## - MAIN ENTRY--AUTHOR NAME
Personal name Summers, Essie
245 #0 - TITLE STATEMENT
Title Beyond the foothills
260 ## - PUBLICATION, DISTRIBUTION, ETC. (IMPRINT)
Place of publication London
Name of publisher Mills and Boon
Year of publication 1976
942 ## - ADDED ENTRY ELEMENTS (KOHA)
Koha item type Books
Holdings
Withdrawn status Lost status Damaged status Not for loan Home library Current library Date acquired Cost, normal purchase price Full call number Accession Number Koha item type
        RRII Library RRII Library 16/12/2021 35.00 82-3MB SUM 13694 Books